000 00812cam a2200229 4500
001 J534
008 090401t1992 xxu||||| |||| 00| 0 eng d
035 _a(Sirsi) u75444
041 _aeng
050 _a690.24
100 _aMartin, Joe
245 _aOccupancy costs.
260 _aAscot, Berks.
_bChartered Institute of Building
_c1992
300 _a7p. ; 30cm.
350 _a3.5
490 _aConstruction Papers
_v3
520 _aStresses the need for managers to collect occupancy cost information and to exchange the information between organisations. Describes the Building Maintenance Information publications and the BMI Standard Form of Property Occupancy Cost Analysis.
690 _aBUILT ENVIRONMENT
710 _aChartered Institute of Building
_92134
942 _n0
948 _c04/03/1997
999 _c96015
_d96015